[Event "Temuco IRT Rumbo"]
[Site "Temuco"]
[Date "2020.01.27"]
[Round "2"]
[White "Gidi Cajas, Miguel Angel"]
[Black "Cordova Ibarra, Jeziel"]
[Result "1-0"]
[WhiteElo "1402"]
[BlackElo "1538"]
[PlyCount "105"]
[EventDate "2020.01.27"]
[EventType "tourn"]
[EventRounds "9"]
[EventCountry "CHI"]
[SourceTitle "CBM 195 Extra"]
[Source "ChessBase"]
[SourceDate "2020.05.31"]
[SourceVersion "1"]
[SourceVersionDate "2020.05.31"]
[SourceQuality "1"]

1. d4 Nf6 2. c4 e5 3. e3 exd4 4. exd4 Bb4+ 5. Nc3 Ne4 6. Qc2 Qe7 7. Be3 d6 8. Nf3 Bf5 9. Bd3 Nxc3 10. bxc3 Bxd3 11. Qxd3 Ba5 12. 0-0 Nd7 13. Bg5 f6 14. Rae1 Ne5 15. dxe5 0-0-0 16. exf6 Qd7 17. Re7 Qa4 18. Qf5+ Kb8 19. fxg7 Rhg8 20. Rf7 Rde8 21. Bh6 Bxc3 22. Qd7 Qxd7 23. Rxd7 Re4 24. Rf7 Bxg7 25. Bxg7 a5 26. Rf8+ Rxf8 27. Bxf8 Re2 28. Ra1 Rc2 29. Bh6 Rxc4 30. Be3 c5 31. Nd2 Rc2 32. Kf1 b5 33. Ke1 Kb7 34. Kd1 Rc3 35. g4 Rd3 36. Kc2 c4 37. a4 b4 38. Rb1 d5 39. h4 d4 40. Bg5 Rc3+ 41. Kb2 Kc6 42. Rc1 Kd5 43. Bd8 Rd3 44. Nxc4 Rf3 45. Rc2 d3 46. Nb6+ Kd4 47. Rd2 Rf4 48. g5 Rxh4 49. Nd7 h6 50. gxh6 Rxh6 51. Bxa5 Ra6 52. Bb6+ Ke4 53. Nc5+ 1-0